000 00433cam a2200181ua 4500
020 _c2,50
041 _amal
_h
082 _a894.812 0355
_bVAS/MA
100 _aVasudevan Nair, M T.
245 _aManushir , Nizhalukal /
_cM T Vasudevan Nair.
_hTextual Documents
250 _a1 /
_b.
260 _a :
_bMangalodayam ,
_c1963.
300 _a136 ; .
365 _a2,50
504 _a
942 _cBK
999 _c3767
_d3767